• 首页
  • 本馆介绍
  • 公告通知
  • 最新文献
  • 馆藏检索
  • 电子资源
  • 读者导购
  • 参考咨询
  • 我的图书馆
  • 登录
  • 详细信息显示
  • 放入我的书架
  • 预约/预借图书
  • 作者相关作品
  • 分类相关作品
  • 丛书相关作品
  • 出版社相关作品

书目信息

  • 表格格式
  • 工作单格式
  • 卡片格式
题名:
心扉的信
    
 
作者: 亦舒, 著
分册:  
出版信息: 北京   东方出版社  2015
页数: 193页
开本: 21cm
丛书名: “蔷薇泡沫系列”小说
单 册:
中图分类: I711.45 , I247.5
科图分类:
主题词: 长篇小说--chang pian xiao shuo--加拿大--现代 , 小说--中国
电子资源:
ISBN: 978-7-5060-8177-1
000 01271nam0 22002891 450
001 2635965006
005 20260413100029.74
010    @a978-7-5060-8177-1@dCNY25.00
100    @a20151012d2015 em y0chiy50 ea
101 0  @achi
102    @aCN@b110000
105    @ay z 000ay
200 1  @a心扉的信@Axin fei de xin@f亦舒著
210    @a北京@c东方出版社@d2015
215    @a193页@d21cm
225 2  @a“蔷薇泡沫系列”小说@Aqiang wei pao mo xi lie xiao shuo
306    @a本书简体字版经天地图书出版有限公司授权出版
330    @a本书为加拿大现代长篇小说。讲述了:梁守丹在12岁那年,经一次偶然的机会开始于心扉通信。得不到家庭的温暖,守丹从此向心扉袒露心声,像知己般的倾诉自己的生活。后经罗切斯洛的牵线,年轻貌美的梁守丹与行为怪异的侯书苓结为夫妻,就在守丹与候书苓分手时,她得知了侯的秘密……守丹也开始与一直爱慕她的同学于新生开始新的生活,在此之间,守丹仍然和心扉通信。守丹病逝后,女儿写意终于得知与母亲守丹通信20年的竟然是。
333    @a青年读者、文学爱好者及相关读者。
461  0 @12001 @a“蔷薇泡沫系列”小说
606 0  @a长篇小说@Achang pian xiao shuo@y加拿大@z现代
606 0  @a小说@x中国
690    @aI711.45@v5
690    @aI247.5@v4
701  0 @a亦舒,@Ayi shu ,@f1946-@4著
801  0 @aCN@bTANG WEI@c20170523
905    @b0969323-7@dI247.5@eZW354@f5
    
    心扉的信/亦舒著.-北京:东方出版社,2015
    193页;21cm.-(“蔷薇泡沫系列”小说)
    使用对象:青年读者、文学爱好者及相关读者。
    
    ISBN 978-7-5060-8177-1:CNY25.00
    本书为加拿大现代长篇小说。讲述了:梁守丹在12岁那年,经一次偶然的机会开始于心扉通信。得不到家庭的温暖,守丹从此向心扉袒露心声,像知己般的倾诉自己的生活。后经罗切斯洛的牵线,年轻貌美的梁守丹与行为怪异的侯书苓结为夫妻,就在守丹与候书苓分手时,她得知了侯的秘密……守丹也开始与一直爱慕她的同学于新生开始新的生活,在此之间,守丹仍然和心扉通信。守丹病逝后,女儿写意终于得知与母亲守丹通信20年的竟然是。
●
相关链接 在E读中查询图书 在五车中查询图书 在当当中查询图书 在豆瓣中查询图书


正题名:心扉的信     索取号:I247.5/ZW354         预约/预借

序号 登录号 条形码 馆藏地/架位号 状态 备注
1 1442705   214427057   密集书库-文学院/ [索取号:I247.5/ZW354] 在馆    
唐山师范学院图书馆 欢迎您!
大连网信软件有限公司© 版权所有